<?xml version="1.0" encoding="UTF-8"?>
<record
    xmlns:xsi="http://www.w3.org/2001/XMLSchema-instance"
    xsi:schemaLocation="http://www.loc.gov/MARC21/slim http://www.loc.gov/standards/marcxml/schema/MARC21slim.xsd"
    xmlns="http://www.loc.gov/MARC21/slim">

  <leader>01279nam a22002897a 4500</leader>
  <datafield tag="999" ind1=" " ind2=" ">
    <subfield code="c">20893</subfield>
    <subfield code="d">20893</subfield>
  </datafield>
  <controlfield tag="005">20200224075925.0</controlfield>
  <controlfield tag="008">200224b        xxu||||| |||| 00| 0 spa d</controlfield>
  <datafield tag="040" ind1=" " ind2=" ">
    <subfield code="a">CO-BoIAVH</subfield>
    <subfield code="c">CO-BoIAVH</subfield>
  </datafield>
  <datafield tag="041" ind1=" " ind2=" ">
    <subfield code="h">spa</subfield>
  </datafield>
  <datafield tag="090" ind1=" " ind2=" ">
    <subfield code="a">K</subfield>
    <subfield code="b">0016</subfield>
  </datafield>
  <datafield tag="110" ind1=" " ind2=" ">
    <subfield code="a">Parques Nacionales Naturales de Colombia</subfield>
  </datafield>
  <datafield tag="245" ind1=" " ind2=" ">
    <subfield code="a">Territorio amaz&#xF3;nico</subfield>
    <subfield code="b">Juntos protegemos la Amazon&#xED;a</subfield>
    <subfield code="c">Parques Nacionales Naturales de Colombia y Visi&#xF3;n Amazon&#xED;a</subfield>
    <subfield code="h">Material did&#xE1;ctico</subfield>
  </datafield>
  <datafield tag="300" ind1=" " ind2=" ">
    <subfield code="a">Caja</subfield>
    <subfield code="c">34.5 x 25 x 4 cm</subfield>
  </datafield>
  <datafield tag="500" ind1=" " ind2=" ">
    <subfield code="a">1. Un tablero de juego.</subfield>
  </datafield>
  <datafield tag="500" ind1=" " ind2=" ">
    <subfield code="a">2. Ocho fichas diferentes de jugadores:Una l&#xED;der campesina mestiza, un colono, un ind&#xED;gena, un guardaparque, tradicional ind&#xED;gena, cient&#xED;fico, alcalde y comerciante.</subfield>
  </datafield>
  <datafield tag="500" ind1=" " ind2=" ">
    <subfield code="a">3. Dos dados.</subfield>
  </datafield>
  <datafield tag="500" ind1=" " ind2=" ">
    <subfield code="a">4. 29 cartas de las zonas de territorio y 50 puntos de manejo.</subfield>
  </datafield>
  <datafield tag="500" ind1=" " ind2=" ">
    <subfield code="a">5. 15 cartas de valores.</subfield>
  </datafield>
  <datafield tag="500" ind1=" " ind2=" ">
    <subfield code="a">6. 17 cartas de situaci&#xF3;n.</subfield>
  </datafield>
  <datafield tag="500" ind1=" " ind2=" ">
    <subfield code="a">7. 40 elementos de intercambio por cada una de las cinco formas (agua, bosque, fauna, semillas y conocimiento).</subfield>
  </datafield>
  <datafield tag="500" ind1=" " ind2=" ">
    <subfield code="a">8. Manual Territorio Amaz&#xF3;nico.</subfield>
  </datafield>
  <datafield tag="650" ind1=" " ind2="0">
    <subfield code="a">Territorio</subfield>
  </datafield>
  <datafield tag="650" ind1=" " ind2="0">
    <subfield code="a">Educaci&#xF3;n ambiental</subfield>
  </datafield>
  <datafield tag="650" ind1=" " ind2="0">
    <subfield code="a">Ecosistemas</subfield>
    <subfield code="z">Amazon&#xED;a (Colombia)</subfield>
  </datafield>
  <datafield tag="651" ind1=" " ind2="0">
    <subfield code="a">Amazon&#xED;a (Regi&#xF3;n, Colombia)</subfield>
  </datafield>
  <datafield tag="942" ind1=" " ind2=" ">
    <subfield code="2">z</subfield>
    <subfield code="c">MX</subfield>
  </datafield>
  <datafield tag="952" ind1=" " ind2=" ">
    <subfield code="0">0</subfield>
    <subfield code="1">0</subfield>
    <subfield code="2">z</subfield>
    <subfield code="4">0</subfield>
    <subfield code="7">0</subfield>
    <subfield code="8">HEMEROTECA</subfield>
    <subfield code="a">Bogota</subfield>
    <subfield code="b">Bogota</subfield>
    <subfield code="d">2020-02-24</subfield>
    <subfield code="l">0</subfield>
    <subfield code="o">K-0016</subfield>
    <subfield code="p">044139</subfield>
    <subfield code="r">2020-02-24 00:00:00</subfield>
    <subfield code="t">Ej. 1</subfield>
    <subfield code="w">2020-02-24</subfield>
    <subfield code="x">Donacion</subfield>
    <subfield code="y">MX</subfield>
  </datafield>
</record>
